Central Library OPAC University of Rajshahi

The apologye of Syr Thomas More, Knyght / (Record no. 20022)

MARC details
000 -LEADER
fixed length control field 01626nam a2200337 a 4500
001 - CONTROL NUMBER
control field 20022
003 - CONTROL NUMBER IDENTIFIER
rucl marc code BD-RjUL
005 - DATE AND TIME OF LATEST TRANSACTION
control field 20211209000518.0
008 - FIXED-LENGTH DATA ELEMENTS--GENERAL INFORMATION
fixed length control field 140226s1930 enkh 000 0 eng
035 ## - SYSTEM CONTROL NUMBER
System control number (BD-RjUL)20083
040 ## - CATALOGING SOURCE
Original cataloging agency DLC
Transcribing agency HDC
Modifying agency BD-RjUL
Language of cataloging eng
041 ## - LANGUAGE CODE
Language code of text/sound track or separate title eng
082 00 - DEWEY DECIMAL CLASSIFICATION NUMBER
Classification number 239.9
Author mark and year MOA 1930
100 1# - MAIN ENTRY--PERSONAL NAME
Personal name More, Thomas,
Dates associated with a name 1478-1535.
9 (RLIN) 61581
245 14 - TITLE STATEMENT
Title The apologye of Syr Thomas More, Knyght /
Statement of responsibility, etc. edited, with introduction and notes, by Arthur Irving Taft.
260 ## - PUBLICATION, DISTRIBUTION, ETC. (IMPRINT)
Place of publication, distribution, etc. London :
Name of publisher, distributor, etc. Published for the Early English Text Society by H. Milford, Oxford University Press,
Date of publication, distribution, etc. 1930.
300 ## - PHYSICAL DESCRIPTION
Pagination 3 p. l., [v]-lxxxvi, 365 p. :
Illustrations front., facsim ;
Size 22 cm.
490 1# - SERIES STATEMENT
Series statement Original series / Early English Text Society ;
Volume/sequential designation no. 180
500 ## - GENERAL NOTE
General note With reproduction of original t.-p.
General note "The present edition ... reproduces, with slight modifications ... the text of the first edition ... printed by William Rastell in 1533."--p. [v]
General note An answer to criticism on his controversial works in defence of the Catholic church.
General note Includes "A treatise concernynge the diuision betwene the spiritualtie and temporaltie" (p. 203-253), ascribed to Saint German, which More attacks in his Apologye.
General note "Key to editions cited": p. [347]-358
General note This edition was originally presented as the editor's doctoral dissertation, Yale University. cf. Pref.
610 20 - SUBJECT ADDED ENTRY--CORPORATE NAME
Corporate name or jurisdiction name as entry element Catholic Church.
700 1# - ADDED ENTRY--PERSONAL NAME
Personal name Taft, Arthur Irving.
830 #0 - SERIES ADDED ENTRY--UNIFORM TITLE
Volume number/sequential designation no. 180
830 #0 - SERIES ADDED ENTRY--UNIFORM TITLE
Uniform title Early English Text Society (Series).
942 ## - ADDED ENTRY ELEMENTS (KOHA)
Source of classification or shelving scheme Dewey Decimal Classification
Koha item type Books
Holdings
Lost status Source of classification or shelving scheme Damaged status Not for loan Collection code Permanent Location Current Location Shelving location Date acquired Source of acquisition Cost, normal purchase price Total Checkouts Full call number Date last seen Copy number Koha item type
  Dewey Decimal Classification   Not For Loan Non-fiction Central Library, University of Rajshahi Central Library, University of Rajshahi Reading Room 05/11/1956 B. H. Blackwell 1.16   239.9 MOA 1930 26/02/2014 C-1 Books
  Dewey Decimal Classification       Central Library, University of Rajshahi Central Library, University of Rajshahi   08/08/1955 O. U. P 15.00   239.9 MOA 1930 21/04/2014 C-2 Books